00736nam a2200217 a 450000100060000000300090000600500170001500800410003202000180007304000280009104100130011904300160013210000240014824501100017226000550028230000260033749000640036352100340042765000330046170000240049426338CO-ViMGA20230915223420.0141112s2004 ck r 000 u spa d a9789681684198 aCO-ViMGAbspacCO-ViMGA aspa eng ae - uk - en1 aFine, Anne, 1947 - 10aEl regreso del gato asesino / cAnne Fine ; ilustrado por Agustín Comotto ; traducción Flor Zertuche. aMéxico : bFondo de Cultura Económica, c2007. a53 p. : il. ; 19 cm.0 aA la orilla del viento : Para los que empiezan a leer ; 189 aPara los que empiezan a leer.14aCuentos infantiles ingleses.1 aZertuche, Flor, tr.